| 000 | 01265nam0a22003131 4500 | ||
|---|---|---|---|
| 001 | rc\3181864 | ||
| 005 | 20120628145522.8 | ||
| 021 |
_aRU _b76-16024 |
||
| 021 |
_aRU _bРг5841-76 |
||
| 035 | _a(NLR Aleph) 007334756 | ||
| 090 |
_a6046632 _c6046632 |
||
| 100 | _a20120628d1975 |||y0rusy50 ca | ||
| 101 | 0 | _arus | |
| 102 | _aRU | ||
| 105 | _ay z ||||| | ||
| 200 | 1 |
_aМетодические рекомендации к разработке техпромфинплана энергетических предприятий _fМ-во энергетики и электрификации СССР |
|
| 210 |
_aМосква _cБ. и. _d1975 |
||
| 215 |
_a84 с. _d20 |
||
| 300 | _aНа 3-й с.: выполнили Златопольский А.Н., Прузнер С.Л., Зимин Е.Н. (и др.) | ||
| 320 | _aБиблиогр.: с. 83 | ||
| 702 | 1 |
_aПрузнер _bС. Л. _4570 |
|
| 702 | 1 |
_aЗлатопольский _bА. Н. _gАрон Натанович _4570 |
|
| 702 | 1 |
_aЗимин _bЕ. Н. _4570 |
|
| 712 | 0 | 1 |
_aСССР _bМинистерство энергетики и электрификации _3RU\NLR\AUTH\8810062908 |
| 801 | 0 |
_aRU _bNLR _gpsbo |
|
| 801 | 1 |
_aRU _bELAR _2rusmarc |
|
| 852 |
_aNLR _j76-4/16551 |
||
| 942 | _cBOOK | ||
| 980 | _aNB | ||